Indigenous medicinal plants including microbes and fungi (Record no. 40098)

MARC details
000 -LEADER
fixed length control field 00373nam a2200133Ia 4500
082 ## - DEWEY DECIMAL CLASSIFICATION NUMBER
Classification number 633.88
Item number PUR
100 ## - MAIN ENTRY--AUTHOR NAME
Personal name PURSHOTAM KAUSHIK
245 #0 - TITLE STATEMENT
Title Indigenous medicinal plants including microbes and fungi
260 ## - PUBLICATION, DISTRIBUTION, ETC. (IMPRINT)
Place of publication Delhi
Name of publisher Today & Tomorrow Pub
Year of publication 1988
650 ## - SUBJECT ADDED ENTRY--TOPICAL TERM
Topical Term Ethnobotany
650 ## - SUBJECT ADDED ENTRY--TOPICAL TERM
Topical Term Medicinal plants
942 ## - ADDED ENTRY ELEMENTS (KOHA)
Koha item type Books
Holdings
Withdrawn status Lost status Damaged status Not for loan Home library Current library Date acquired Full call number Accession Number Koha item type
        RRII Library RRII Library 16/12/2021 633.88 PUR 20412 Books